000 00295nam a22001337a 4500
008 170728b xxu||||| |||| 00| 0 eng d
020 _a9780130290496
041 _aeng
080 _a004
100 _a32
101 _aSHKI
245 _aSOFTWARE ENGINEERING
_cPFLEEGER, SH.L
942 _2udc
_cBK
999 _c22156
_d22156